[Event "5eme Open International de La Fere"]
[Site "La Fere (FRA)"]
[Date "2006.07.10"]
[Round "3.4"]
[White "Achereiner, Guillaume"]
[Black "Gozzoli, Yannick"]
[Result "0-1"]
[WhiteElo "1975"]
[BlackElo "2470"]
[PlyCount "72"]
[EventDate "2006.07.08"]

1. d4 Nf6 2. c4 g6 3. Nc3 Bg7 4. e4 d6 5. h3 O-O 6. Nf3 e5 7. dxe5 dxe5 8. Be3
Nbd7 9. Qc2 c6 10. b4 a5 11. b5 Qe7 12. Rb1 Nc5 13. bxc6 bxc6 14. Bxc5 Qxc5 15.
Be2 Nh5 16. Na4 Qe7 17. O-O Nf4 18. Nb6 Ra7 19. Nxc8 Rxc8 20. Rfd1 Qf6 21. Rb3
Bf8 22. Rdb1 Bc5 23. Bf1 Rd8 24. Qc3 Bd4 25. Nxd4 Rxd4 26. Qf3 a4 27. Rb8+ Kg7
28. Kh2 Rd2 29. Qe3 Rad7 30. g3 Ne6 31. R8b2 Qg5 32. Qxg5 Nxg5 33. Bg2 a3 34.
Rxd2 Rxd2 35. Kg1 Rxa2 36. Rb6 Rb2 0-1

[Event "5eme Open International de La Fere"]
[Site "La Fere (FRA)"]
[Date "2006.07.10"]
[Round "3.5"]
[White "Bessat, Remy"]
[Black "Gladyszev, Oleg"]
[Result "0-1"]
[WhiteElo "1974"]
[BlackElo "2457"]
[PlyCount "48"]
[EventDate "2006.07.08"]

1. b4 c6 2. c4 d5 3. e3 e6 4. Bb2 Nf6 5. a3 dxc4 6. Bxc4 b5 7. Be2 a5 8. bxa5
Qxa5 9. Bf3 Be7 10. Ne2 O-O 11. g4 Nd5 12. h4 Nd7 13. g5 Nc5 14. Kf1 Qa4 15.
Kg2 Qxd1 16. Rxd1 Nb3 17. Ra2 Nb4 18. axb4 Rxa2 19. Bc3 Bd7 20. Nf4 c5 21. bxc5
Nxc5 22. Bb4 Ra4 23. Bxc5 Bxc5 24. d4 Bd6 0-1

[Event "5eme Open International de La Fere"]
[Site "La Fere (FRA)"]
[Date "2006.07.10"]
[Round "3.6"]
[White "Riff, Jean-Noel"]
[Black "Godart, Francois"]
[Result "1-0"]
[WhiteElo "2444"]
[BlackElo "1952"]
[PlyCount "49"]
[EventDate "2006.07.08"]

1. e4 c6 2. d4 d5 3. e5 Bf5 4. Be3 Qb6 5. Qc1 e6 6. c4 dxc4 7. Nd2 Nd7 8. Nxc4
Qc7 9. Nf3 Nb6 10. a3 Nxc4 11. Qxc4 Ne7 12. Nd2 Nd5 13. Rc1 Be7 14. Be2 O-O 15.
h4 h6 16. g4 Bh7 17. g5 Nxe3 18. fxe3 Kh8 19. Bd3 Bxd3 20. Qxd3 Rad8 21. Nf3 f6
22. gxf6 gxf6 23. Qg6 Rf7 24. Rg1 Qa5+ 25. Rc3 1-0

[Event "5eme Open International de La Fere"]
[Site "La Fere (FRA)"]
[Date "2006.07.10"]
[Round "3.8"]
[White "Chetverik, Maxim"]
[Black "Delmotte, Eric"]
[Result "1-0"]
[WhiteElo "2302"]
[BlackElo "1861"]
[PlyCount "47"]
[EventDate "2006.07.08"]

1. d4 Nf6 2. c4 c5 3. d5 b5 4. cxb5 a6 5. Nc3 axb5 6. e4 d6 7. Bxb5+ Bd7 8.
Bxd7+ Nfxd7 9. f4 g6 10. Nf3 Bg7 11. O-O O-O 12. Qe2 f6 13. h4 h5 14. f5 Qe8
15. Nb5 Na6 16. a4 Ne5 17. Nxe5 fxe5 18. Ra3 gxf5 19. exf5 Qf7 20. Rg3 Kh7 21.
Rg6 Rh8 22. Qxh5+ Kg8 23. Qg4 Kf8 24. f6 1-0

[Event "5eme Open International de La Fere"]
[Site "La Fere (FRA)"]
[Date "2006.07.10"]
[Round "3.9"]
[White "Le Kouaghet, Euwen"]
[Black "Raulet, Alain"]
[Result "1-0"]
[WhiteElo "1867"]
[BlackElo "2040"]
[PlyCount "77"]
[EventDate "2006.07.08"]

1. c4 b6 2. d4 e6 3. Nc3 Bb4 4. Bd2 Bb7 5. a3 Bxc3 6. Bxc3 Nf6 7. f3 d5 8. Qd3
a5 9. b4 axb4 10. axb4 Rxa1+ 11. Bxa1 Nc6 12. b5 dxc4 13. Qxc4 Qa8 14. Bb2 Na5
15. Qa4 O-O 16. e4 Bxe4 17. fxe4 Qxe4+ 18. Ne2 Qb1+ 19. Bc1 Ng4 20. h3 Ne3 21.
Kf2 Nd5 22. g4 f5 23. g5 Nb3 24. Bg2 Qc2 25. Bxd5 exd5 26. Bf4 Re8 27. Be5 Qe4
28. Ng3 Qc2+ 29. Ne2 Qb2 30. Qb4 Qc2 31. Qc3 Qe4 32. Ng3 Qh4 33. Qxb3 f4 34.
Qxd5+ Kh8 35. Rg1 Rf8 36. Ke2 fxg3 37. Rxg3 Qh5+ 38. Rf3 Re8 39. Qf7 1-0

[Event "5eme Open International de La Fere"]
[Site "La Fere (FRA)"]
[Date "2006.07.10"]
[Round "3.10"]
[White "Ninov, Nikolai"]
[Black "Lucas, Bernard"]
[Result "1-0"]
[WhiteElo "2517"]
[BlackElo "1830"]
[PlyCount "27"]
[EventDate "2006.07.08"]

1. e4 Nf6 2. e5 Nd5 3. d4 d6 4. Nf3 Bf5 5. Nh4 Bg6 6. c4 Nb6 7. e6 fxe6 8. Nxg6
hxg6 9. Qg4 Nc6 10. Qxe6 Nxd4 11. Qxg6+ Kd7 12. Qg4+ Ne6 13. Bd3 Qe8 14. Bg6
1-0

[Event "5eme Open International de La Fere"]
[Site "La Fere (FRA)"]
[Date "2006.07.10"]
[Round "3.12"]
[White "Demeestere, Laurent"]
[Black "Dumitrache, Dragos-Nicolae"]
[Result "0-1"]
[WhiteElo "1954"]
[BlackElo "2451"]
[PlyCount "44"]
[EventDate "2006.07.08"]

1. d4 Nf6 2. c4 e6 3. Nc3 Bb4 4. Qc2 O-O 5. Bg5 c5 6. e3 cxd4 7. exd4 d5 8. Nf3
Nc6 9. a3 Bxc3+ 10. Qxc3 Re8 11. Ne5 h6 12. Bxf6 Qxf6 13. Nxc6 bxc6 14. f3 e5
15. dxe5 Rxe5+ 16. Kf2 d4 17. Qd2 Bf5 18. Re1 Rxe1 19. Kxe1 d3 20. Qc3 Re8+ 21.
Kd1 Qe7 22. g4 Qe3 0-1

[Event "5eme Open International de La Fere"]
[Site "La Fere (FRA)"]
[Date "2006.07.10"]
[Round "3.13"]
[White "Mestdagh, Franck"]
[Black "Olarasu, Gabriela"]
[Result "0-1"]
[WhiteElo "1901"]
[BlackElo "2222"]
[PlyCount "68"]
[EventDate "2006.07.08"]

1. e4 e5 2. Nf3 Nc6 3. Bc4 Nf6 4. d4 exd4 5. O-O Nxe4 6. Re1 d5 7. Bxd5 Qxd5 8.
Nc3 Qa5 9. Nxe4 Be6 10. Neg5 O-O-O 11. Nxe6 fxe6 12. Rxe6 Bd6 13. Bg5 Rde8 14.
Qe1 Qxe1+ 15. Raxe1 Kd7 16. Rxe8 Rxe8 17. Kf1 Rxe1+ 18. Kxe1 Ke6 19. Ke2 Kd5
20. Bd2 Ne5 21. Nxe5 Bxe5 22. Kd3 c5 23. c4+ dxc3 24. Bxc3 Bxc3 25. Kxc3 b5 26.
Kd3 a5 27. f4 c4+ 28. Ke3 b4 29. g4 a4 30. Kd2 Ke4 31. f5 Kf4 32. h3 h6 33. a3
bxa3 34. bxa3 Kg3 0-1

[Event "5eme Open International de La Fere"]
[Site "La Fere (FRA)"]
[Date "2006.07.10"]
[Round "3.14"]
[White "Hutin, Evgueny"]
[Black "Platel, Alexandre"]
[Result "0-1"]
[WhiteElo "1880"]
[BlackElo "2167"]
[PlyCount "22"]
[EventDate "2006.07.08"]

1. d4 d5 2. Nf3 Nc6 3. e3 Bg4 4. c4 e6 5. Nbd2 Nf6 6. cxd5 Qxd5 7. h3 Bxf3 8.
Qxf3 Qxf3 9. Nxf3 Nb4 10. Kd1 Ne4 11. Ke2 Nd3 0-1

[Event "5eme Open International de La Fere"]
[Site "La Fere (FRA)"]
[Date "2006.07.10"]
[Round "3.15"]
[White "Iglesias, Joachim"]
[Black "Flandre, Xavier"]
[Result "1/2-1/2"]
[WhiteElo "2127"]
[BlackElo "1916"]
[PlyCount "68"]
[EventDate "2006.07.08"]

1. d4 d5 2. Nf3 Nc6 3. e3 Bg4 4. Bb5 a6 5. Bxc6+ bxc6 6. c4 Bxf3 7. gxf3 Nf6 8.
Nc3 e6 9. Rg1 Qd6 10. Qa4 dxc4 11. e4 Nd7 12. e5 Qxd4 13. Be3 Qxe5 14. Qxc6 Rb8
15. O-O-O Bd6 16. Rd2 Rg8 17. f4 Qa5 18. Ne4 Qb5 19. Nf6+ gxf6 20. Rxg8+ Ke7
21. Qxb5 axb5 22. Rg7 b4 23. Rc2 Ra8 24. Rxc4 Rxa2 25. Kc2 c5 26. f5 Ne5 27.
Rh4 c4 28. Rhxh7 exf5 29. Kb1 b3 30. Bd4 Ke6 31. Bc3 f4 32. Rh6 Bf8 33. Rgh7
Bxh6 34. Rxh6 Ra8 1/2-1/2

[Event "5eme Open International de La Fere"]
[Site "La Fere (FRA)"]
[Date "2006.07.10"]
[Round "3.16"]
[White "Houriez, Clement"]
[Black "Lombard, Christophe"]
[Result "1-0"]
[WhiteElo "2125"]
[BlackElo "1880"]
[PlyCount "73"]
[EventDate "2006.07.08"]

1. e4 e5 2. Nf3 Nc6 3. Bb5 Nf6 4. O-O Nxe4 5. d4 Nd6 6. Bxc6 dxc6 7. dxe5 Nf5
8. Qxd8+ Kxd8 9. Nc3 Be6 10. b3 Bc5 11. Bb2 Ke7 12. Ne4 Bb6 13. c4 Rhd8 14.
Rad1 a6 15. Ba3+ Ke8 16. Bc5 Rxd1 17. Rxd1 Bxc5 18. Nxc5 Bc8 19. h3 g6 20. g4
Ng7 21. Kg2 Ke7 22. Kg3 h6 23. Ne1 Ne6 24. Nxe6 Bxe6 25. f4 h5 26. Ng2 Rd8 27.
Rxd8 Kxd8 28. Ne3 hxg4 29. hxg4 Ke7 30. f5 gxf5 31. gxf5 Bd7 32. c5 b6 33. b4
b5 34. Kf4 Kf8 35. Kg5 Kg7 36. Nc2 Kf8 37. Kf6 1-0

[Event "5eme Open International de La Fere"]
[Site "La Fere (FRA)"]
[Date "2006.07.10"]
[Round "3.17"]
[White "Pavillon, Guillaume"]
[Black "Ly, Anh-Dao"]
[Result "0-1"]
[WhiteElo "1790"]
[BlackElo "2116"]
[PlyCount "66"]
[EventDate "2006.07.08"]

1. c4 Nf6 2. Nc3 g6 3. g3 c5 4. Bg2 Bg7 5. Nf3 O-O 6. O-O Nc6 7. d3 b6 8. Bf4
Bb7 9. Ne5 Nh5 10. Nxc6 Bxc6 11. Bxc6 dxc6 12. Bd2 Qd7 13. Qc1 Rfe8 14. Ne4 f5
15. Ng5 e5 16. Kg2 Rad8 17. Bc3 Bh6 18. Bd2 Bf8 19. a4 a5 20. Bc3 Bh6 21. Bd2
e4 22. Nxe4 Bxd2 23. Nxd2 Rxe2 24. Re1 Qxd3 25. Rxe2 Qxe2 26. Nf3 Rd3 27. Ng1
Qd2 28. Qb1 Rb3 29. Qd1 Rd3 30. Qb1 Nf6 31. Nf3 Qe2 32. Ng1 Qe4+ 33. Kf1 Qxc4
0-1

[Event "5eme Open International de La Fere"]
[Site "La Fere (FRA)"]
[Date "2006.07.10"]
[Round "3.18"]
[White "Marchal, Jeremy"]
[Black "Nicolas, Christian"]
[Result "1-0"]
[WhiteElo "2096"]
[BlackElo "1850"]
[PlyCount "41"]
[EventDate "2006.07.08"]

1. e4 d6 2. d4 Nf6 3. f3 g6 4. c4 Bg7 5. Nc3 Nbd7 6. Be3 c6 7. Nh3 Qc7 8. Qd2
h5 9. Nf2 Nf8 10. Be2 Bd7 11. Nd3 e5 12. d5 c5 13. O-O a6 14. a3 N8h7 15. b4 b6
16. a4 Ke7 17. Rfd1 Ne8 18. bxc5 bxc5 19. Nxc5 dxc5 20. d6+ Nxd6 21. Nd5+ 1-0

[Event "5eme Open International de La Fere"]
[Site "La Fere (FRA)"]
[Date "2006.07.10"]
[Round "3.19"]
[White "Delias, Gerard"]
[Black "Maupin, Valerie"]
[Result "0-1"]
[WhiteElo "1610"]
[BlackElo "2007"]
[PlyCount "64"]
[EventDate "2006.07.08"]

1. c4 e6 2. Nc3 Nf6 3. e4 d5 4. e5 d4 5. exf6 dxc3 6. bxc3 Qxf6 7. d4 c5 8. Nf3
h6 9. g3 cxd4 10. cxd4 Bb4+ 11. Bd2 Bxd2+ 12. Nxd2 Qxd4 13. Bg2 O-O 14. O-O Nc6
15. Rb1 Rd8 16. Bxc6 bxc6 17. Nb3 Qf6 18. Qe2 e5 19. Nc5 Bf5 20. Rbd1 Rd4 21.
Rxd4 exd4 22. Nd3 Bxd3 23. Qxd3 Re8 24. c5 Qe5 25. Rd1 Rd8 26. Qa3 Qe2 27. Rd3
Qc2 28. Kg2 Rd5 29. h3 Rf5 30. Rf3 Rxf3 31. Kxf3 d3 32. Qb3 Qe2+ 0-1

[Event "5eme Open International de La Fere"]
[Site "La Fere (FRA)"]
[Date "2006.07.10"]
[Round "3.20"]
[White "Manet, Eric"]
[Black "Belloc, Sidonie"]
[Result "1-0"]
[WhiteElo "1999"]
[BlackElo "1771"]
[PlyCount "85"]
[EventDate "2006.07.08"]

1. e4 e6 2. d4 d5 3. Nc3 Nf6 4. Bg5 Be7 5. e5 Nfd7 6. Bxe7 Qxe7 7. f4 a6 8. Nf3
c5 9. Qd2 Nc6 10. dxc5 Qxc5 11. O-O-O Nb6 12. Nd4 Nxd4 13. Qxd4 Qxd4 14. Rxd4
O-O 15. Rb4 Nd7 16. Ne2 Nc5 17. Nd4 Bd7 18. Rb6 Rab8 19. Be2 Rfc8 20. Rf1 Re8
21. Rf3 h6 22. Rd6 Rbd8 23. Rb6 Rb8 24. Ra3 Rec8 25. Ra5 Kf8 26. Ra3 Kg8 27.
Rd6 Rc7 28. Rc3 Rbc8 29. Rxc5 Rxc5 30. Rxd7 Rb8 31. Nb3 Rcc8 32. Na5 b5 33. Rd6
Ra8 34. Nc6 Kf8 35. Nb4 a5 36. Nc6 b4 37. Nd4 Rc7 38. Nb5 Rc5 39. Rd7 Rac8 40.
Bd3 a4 41. Nd6 R8c7 42. Rd8+ Ke7 43. Re8+ 1-0

[Event "5eme Open International de La Fere"]
[Site "La Fere (FRA)"]
[Date "2006.07.10"]
[Round "3.21"]
[White "Bardoux, Thierry"]
[Black "Turlin, Simon"]
[Result "1-0"]
[WhiteElo "2175"]
[BlackElo "1490"]
[PlyCount "75"]
[EventDate "2006.07.08"]

1. d4 d5 2. Nf3 c6 3. e3 Nf6 4. Nbd2 Bf5 5. Bd3 Bg6 6. O-O e6 7. b3 Bd6 8. Bb2
O-O 9. Bxg6 fxg6 10. Ng5 Qe7 11. f4 h6 12. Ngf3 Ng4 13. Qe2 Nd7 14. Qd3 Qe8 15.
Ne5 Ngxe5 16. fxe5 Be7 17. Rxf8+ Nxf8 18. Rf1 g5 19. c4 Bb4 20. a3 Bxd2 21.
Qxd2 Qg6 22. Bc3 Qe4 23. Bb4 Ng6 24. g3 Re8 25. Qf2 Qf5 26. Qxf5 exf5 27. Rxf5
Re6 28. Kf1 Re8 29. Ke2 Re6 30. Kd3 Re8 31. e4 dxe4+ 32. Kxe4 Nh8 33. d5 g6 34.
Rf2 Nf7 35. e6 Nd8 36. Ke5 g4 37. Kd6 g5 38. Kd7 1-0

[Event "5eme Open International de La Fere"]
[Site "La Fere (FRA)"]
[Date "2006.07.10"]
[Round "3.22"]
[White "Delorme, Laurie"]
[Black "Thomas, Olivier"]
[Result "1/2-1/2"]
[WhiteElo "2068"]
[BlackElo "2126"]
[PlyCount "70"]
[EventDate "2006.07.08"]

1. e4 c5 2. Nf3 e6 3. d4 cxd4 4. Nxd4 Nf6 5. Bd3 d6 6. Nc3 Be7 7. Be3 a6 8. O-O
O-O 9. Kh1 Nbd7 10. f4 Qc7 11. Qf3 Nc5 12. Rad1 Nxd3 13. Rxd3 b5 14. a3 Bb7 15.
f5 e5 16. Nde2 a5 17. Rd2 b4 18. axb4 axb4 19. Nd5 Nxd5 20. exd5 f6 21. Qh5 Bd8
22. Rf3 Ra1+ 23. Ng1 Qf7 24. Qh4 Bxd5 25. Rh3 h5 26. Rg3 Qb7 27. Qxh5 Bb6 28.
Rd3 Bxe3 29. Rdxe3 Rf7 30. h3 Qb5 31. Rd3 e4 32. Rd1 Rxd1 33. Qxd1 Bb7 34. Qxd6
Qxf5 35. Qb8+ Qc8 1/2-1/2

[Event "5eme Open International de La Fere"]
[Site "La Fere (FRA)"]
[Date "2006.07.10"]
[Round "3.23"]
[White "Belafkih, Kimia"]
[Black "Waquet, Frederic"]
[Result "0-1"]
[WhiteElo "1450"]
[BlackElo "2080"]
[PlyCount "50"]
[EventDate "2006.07.08"]

1. e4 e6 2. d4 d5 3. exd5 exd5 4. Nc3 Bd6 5. Nxd5 Bxh2 6. Rxh2 Qxd5 7. Nf3 Bg4
8. Be2 Nc6 9. Be3 O-O-O 10. c3 Nge7 11. Qd3 Nf5 12. Qd2 h5 13. Qd1 Rhe8 14. Qd2
Re7 15. Rh1 Rde8 16. Kd1 Nxe3+ 17. fxe3 Rxe3 18. Re1 Qe4 19. Rc1 Ne7 20. Rc2
Nf5 21. a3 Ng3 22. b4 Bf5 23. Rb2 b5 24. Ra2 Qb1+ 25. Qc1 Qxa2 0-1

[Event "5eme Open International de La Fere"]
[Site "La Fere (FRA)"]
[Date "2006.07.10"]
[Round "3.24"]
[White "Deneuville, Ludovic"]
[Black "Lever, Erwan"]
[Result "1-0"]
[WhiteElo "2009"]
[BlackElo "1390"]
[PlyCount "83"]
[EventDate "2006.07.08"]

1. e4 e5 2. Bc4 Nf6 3. Nf3 Nc6 4. d3 Bc5 5. O-O d6 6. c3 O-O 7. Bg5 Be6 8. Nbd2
h6 9. Bh4 Rb8 10. Bb3 Qe7 11. Nc4 b5 12. Ne3 Rfd8 13. d4 exd4 14. cxd4 Bxb3 15.
axb3 Bb6 16. Nd5 Qxe4 17. Nxf6+ gxf6 18. Bxf6 Re8 19. Rc1 Re6 20. Re1 Qd5 21.
Rxe6 fxe6 22. Qd2 Qf5 23. Qxh6 Qh7 24. Qxh7+ Kxh7 25. Rxc6 Kg6 26. Bh4 Re8 27.
g4 e5 28. Nxe5+ Kg7 29. Nf3 Rf8 30. Kg2 a5 31. Bg3 a4 32. bxa4 bxa4 33. Bxd6
cxd6 34. Rxb6 d5 35. g5 Re8 36. Ne5 Re7 37. h4 Kh7 38. h5 Kg7 39. f4 Kh7 40. f5
Kg7 41. f6+ Kh7 42. fxe7 1-0

[Event "5eme Open International de La Fere"]
[Site "La Fere (FRA)"]
[Date "2006.07.10"]
[Round "3.25"]
[White "Zimmerman, Yuri"]
[Black "Vinsard, Cyril"]
[Result "1-0"]
[WhiteElo "2374"]
[BlackElo "1809"]
[PlyCount "75"]
[EventDate "2006.07.08"]

1. d4 Nf6 2. c4 g6 3. Nc3 Bg7 4. e4 d6 5. f4 O-O 6. Nf3 c5 7. dxc5 Qa5 8. Bd3
Qxc5 9. Qe2 Nc6 10. Be3 Qa5 11. O-O Nd7 12. Rac1 Nc5 13. Bb1 Bg4 14. Rfd1 Ne6
15. Qf2 Bxf3 16. gxf3 Nc7 17. a3 Qh5 18. b4 a6 19. Nd5 Rac8 20. b5 axb5 21.
Nxc7 Rxc7 22. Rd5 e5 23. cxb5 Nd4 24. Rxc7 Nxf3+ 25. Kh1 Nxh2 26. Qxh2 Qf3+ 27.
Kg1 Qxe3+ 28. Qf2 Qxa3 29. f5 Bh6 30. Rd3 Qa1 31. Qa2 Qxa2 32. Bxa2 gxf5 33.
exf5 Bf4 34. Rxd6 e4 35. Rdd7 Bxc7 36. Rxc7 Kg7 37. Rxb7 Kf6 38. Rxf7+ 1-0

[Event "5eme Open International de La Fere"]
[Site "La Fere (FRA)"]
[Date "2006.07.10"]
[Round "3.26"]
[White "Brobecker, Alain"]
[Black "Trens, Yohan"]
[Result "0-1"]
[WhiteElo "1763"]
[BlackElo "2021"]
[PlyCount "52"]
[EventDate "2006.07.08"]

1. d3 d5 2. g3 Nf6 3. Bg2 c6 4. Nc3 e5 5. Bg5 h6 6. Bd2 Bg4 7. h3 Bh5 8. Qc1
Nbd7 9. e4 dxe4 10. Nxe4 Nxe4 11. Bxe4 Nf6 12. Bg2 Bd6 13. Nf3 O-O 14. O-O e4
15. dxe4 Nxe4 16. Bf4 Bc5 17. Be3 Qb6 18. Bxc5 Qxc5 19. Qf4 Rfe8 20. c3 g5 21.
Qc1 Nxg3 22. Re1 Ne2+ 23. Rxe2 Rxe2 24. Nd4 Re7 25. f4 Rae8 26. Qd2 Re2 0-1

[Event "5eme Open International de La Fere"]
[Site "La Fere (FRA)"]
[Date "2006.07.10"]
[Round "3.27"]
[White "Molet, Asher"]
[Black "Holland, Christophe"]
[Result "1-0"]
[WhiteElo "1990"]
[BlackElo "1751"]
[PlyCount "59"]
[EventDate "2006.07.08"]

1. d4 d5 2. Nf3 Nf6 3. e3 Bg4 4. h3 Bh5 5. g4 Bg6 6. Ne5 Nbd7 7. Nxg6 hxg6 8.
Nc3 e6 9. Bg2 c6 10. Qe2 Qc7 11. Bd2 Bd6 12. O-O-O O-O-O 13. Kb1 e5 14. Rhe1 e4
15. Rc1 Nb6 16. Nd1 Nc4 17. Bc3 Rde8 18. b3 Na3+ 19. Ka1 Nb5 20. Bb2 Qa5 21. c4
dxc4 22. bxc4 Nc7 23. Bc3 Bb4 24. Bxb4 Qxb4 25. Rb1 Qe7 26. Nc3 g5 27. Rb3 Na6
28. Reb1 b6 29. c5 bxc5 30. Qxa6+ 1-0

[Event "5eme Open International de La Fere"]
[Site "La Fere (FRA)"]
[Date "2006.07.10"]
[Round "3.28"]
[White "Barbet, Pascal"]
[Black "Lebon, Joffrey"]
[Result "0-1"]
[WhiteElo "1730"]
[BlackElo "1982"]
[PlyCount "58"]
[EventDate "2006.07.08"]

1. c4 e5 2. Nc3 f5 3. e3 Nf6 4. g3 Be7 5. d3 O-O 6. Bg2 c6 7. Nge2 Na6 8. O-O
Nc7 9. a3 a5 10. Qb3 d6 11. Na4 Ne6 12. d4 Qe8 13. Nb6 Rb8 14. dxe5 dxe5 15.
Nxc8 Qxc8 16. Bd2 b6 17. Bc3 Nc5 18. Qc2 Qe6 19. b3 Nfe4 20. Bb2 Rfd8 21. Rfd1
a4 22. bxa4 Ra8 23. Rab1 Rxa4 24. Rxd8+ Bxd8 25. Bxe4 fxe4 26. Rc1 Ra7 27. Qc3
Nd3 28. Nf4 exf4 29. exf4 Bf6 0-1

[Event "5eme Open International de La Fere"]
[Site "La Fere (FRA)"]
[Date "2006.07.10"]
[Round "3.29"]
[White "Dubois, Vincent"]
[Black "Boudier, Eric"]
[Result "0-1"]
[WhiteElo "1672"]
[BlackElo "1927"]
[PlyCount "70"]
[EventDate "2006.07.08"]

1. e4 Nc6 2. d4 d5 3. e5 Bf5 4. Bb5 e6 5. Bxc6+ bxc6 6. h4 h6 7. Nc3 c5 8. Nge2
Ne7 9. f3 Nc6 10. g4 Bh7 11. Be3 Be7 12. h5 cxd4 13. Bxd4 Nb4 14. Rc1 c5 15.
Bf2 Nc6 16. Bg3 Rb8 17. b3 O-O 18. f4 Qa5 19. Qd2 Nd4 20. Nxd4 cxd4 21. Na4 Bb4
22. c3 dxc3 23. Qd4 c2+ 24. Kf2 Rbc8 25. g5 Bc3 26. Nxc3 Rxc3 27. a3 Rd3 28.
Qb4 Qxb4 29. axb4 Rxb3 30. gxh6 Rc8 31. Bh4 Be4 32. Rhg1 g6 33. hxg6 fxg6 34.
Bf6 Kh7 35. Be7 Rb1 0-1

[Event "5eme Open International de La Fere"]
[Site "La Fere (FRA)"]
[Date "2006.07.10"]
[Round "3.30"]
[White "Menneveux, Jerome"]
[Black "Marchal, Roger"]
[Result "1-0"]
[WhiteElo "1918"]
[BlackElo "1686"]
[PlyCount "93"]
[EventDate "2006.07.08"]

1. e4 c5 2. Nf3 e6 3. d4 cxd4 4. Nxd4 a6 5. c4 Nc6 6. a3 Nf6 7. Nc3 d5 8. cxd5
exd5 9. exd5 Nxd5 10. Nxc6 bxc6 11. Bc4 Be6 12. Qf3 Bc5 13. O-O O-O 14. b4 Bd4
15. Bxd5 Bxd5 16. Qd3 Bxc3 17. Qxc3 Qh4 18. Bb2 Qg4 19. f3 Qg6 20. Rad1 Rfe8
21. Rfe1 f6 22. Kf2 Qh5 23. Rd4 Qxh2 24. Rg4 Re5 25. Rxe5 Qxe5 26. Qd2 Qe7 27.
Qh6 Rf8 28. Bd4 Rf7 29. Qh1 Qc7 30. Qh5 Qd7 31. Rh4 g6 32. Qh6 Qf5 33. Qe3 Qe6
34. Qd3 Bc4 35. Qd2 Bd5 36. Rh1 Re7 37. Qb2 Rf7 38. Re1 Qd6 39. Re8+ Kg7 40.
Qe2 Qf4 41. Bc5 Bc4 42. Qd1 Qf5 43. Qd8 Rd7 44. Re7+ Rxe7 45. Qxe7+ Kh6 46.
Qf8+ Kh5 47. g4+ 1-0

[Event "5eme Open International de La Fere"]
[Site "La Fere (FRA)"]
[Date "2006.07.10"]
[Round "3.31"]
[White "Timmermans, Eric"]
[Black "Marchal, Chantal"]
[Result "1/2-1/2"]
[WhiteElo "1730"]
[BlackElo "1900"]
[PlyCount "91"]
[EventDate "2006.07.08"]

1. e4 c5 2. Nf3 d6 3. Bc4 a6 4. a4 Nf6 5. h3 e6 6. Nc3 Nc6 7. d4 cxd4 8. Nxd4
Be7 9. Be3 O-O 10. O-O Qc7 11. Be2 Bd7 12. g4 Nxd4 13. Qxd4 e5 14. Qd2 Bc6 15.
f3 Rfd8 16. g5 Nh5 17. Kf2 Qd7 18. Rh1 Qe6 19. Nd5 Bxd5 20. Qxd5 Qxd5 21. exd5
Rdc8 22. c4 Nf4 23. Bxf4 exf4 24. h4 a5 25. Bd3 Bd8 26. Rae1 Bb6+ 27. Ke2 Bd4
28. b3 Bc3 29. Rc1 Re8+ 30. Be4 Bd4 31. Kd3 Be3 32. Rc2 Ra6 33. Rg2 g6 34. h5
Rb6 35. Kc3 Kg7 36. hxg6 fxg6 37. Rgh2 Rh8 38. Rh6 Ra6 39. Bxg6 Raa8 40. Bxh7
Bc5 41. Rg6+ Kf7 42. Re6 Kf8 43. Rhh6 Re8 44. Rhf6+ Kg7 45. Rg6+ Kxh7 46. Rh6+
1/2-1/2

[Event "5eme Open International de La Fere"]
[Site "La Fere (FRA)"]
[Date "2006.07.10"]
[Round "3.33"]
[White "Tossou, Arthur"]
[Black "Lepot, Simon"]
[Result "0-1"]
[WhiteElo "1570"]
[BlackElo "1880"]
[PlyCount "40"]
[EventDate "2006.07.08"]

1. e4 c5 2. Nf3 d6 3. Bc4 Nf6 4. d3 Nc6 5. b3 e6 6. Bb2 a6 7. d4 cxd4 8. Nxd4
Nxd4 9. Qxd4 Be7 10. Nd2 b5 11. Be2 e5 12. Qe3 O-O 13. f4 Qc7 14. Bd3 Nd7 15.
Nf3 Re8 16. fxe5 dxe5 17. Rf1 Bb4+ 18. Nd2 Bb7 19. c4 Nc5 20. cxb5 Rad8 0-1

[Event "5eme Open International de La Fere"]
[Site "La Fere (FRA)"]
[Date "2006.07.10"]
[Round "3.34"]
[White "Laufer, Maurice"]
[Black "Feryn, Alexandre"]
[Result "0-1"]
[WhiteElo "1500"]
[BlackElo "1877"]
[PlyCount "60"]
[EventDate "2006.07.08"]

1. e4 c5 2. f4 Nc6 3. Nf3 g6 4. Bc4 Bg7 5. O-O e6 6. c3 d5 7. exd5 exd5 8. Bb5
Nge7 9. d4 Qb6 10. Bxc6+ Nxc6 11. dxc5 Qxc5+ 12. Kh1 O-O 13. Re1 Bf5 14. Nbd2
Rfe8 15. Nb3 Qb5 16. Nbd4 Nxd4 17. Nxd4 Bxd4 18. cxd4 Rxe1+ 19. Qxe1 Re8 20.
Qf2 Qd3 21. Bd2 Re2 22. Qh4 Qxd2 23. Rg1 Qxd4 24. h3 Rf2 25. Qg5 Qxf4 26. Qd8+
Kg7 27. Qxd5 Bxh3 28. Qxb7 Qh4 29. Rc1 Bxg2+ 30. Kg1 Bxb7 0-1

[Event "5eme Open International de La Fere"]
[Site "La Fere (FRA)"]
[Date "2006.07.10"]
[Round "3.35"]
[White "Godart, Michel"]
[Black "Daniel, Antoine"]
[Result "1-0"]
[WhiteElo "1857"]
[BlackElo "1630"]
[PlyCount "37"]
[EventDate "2006.07.08"]

1. d4 c5 2. Nf3 Nf6 3. c4 d6 4. Nc3 b6 5. d5 Nbd7 6. e4 g6 7. Be2 Bg7 8. Bg5
Ba6 9. Qd2 h6 10. Bh4 Qc7 11. h3 Ne5 12. Nxe5 dxe5 13. Qc2 Qd6 14. Qa4+ b5 15.
cxb5 Bc8 16. Qc4 Bd7 17. f3 O-O 18. Bf2 Rfc8 19. Na4 1-0

[Event "5eme Open International de La Fere"]
[Site "La Fere (FRA)"]
[Date "2006.07.10"]
[Round "3.36"]
[White "Cuvelier, Julien"]
[Black "Lonnoy, Simon"]
[Result "1-0"]
[WhiteElo "1850"]
[BlackElo "1640"]
[PlyCount "119"]
[EventDate "2006.07.08"]

1. d4 d5 2. Nf3 Bf5 3. c4 c6 4. Bf4 Nf6 5. Qb3 Qc8 6. e3 e6 7. Nbd2 Nbd7 8. Rc1
Nb6 9. Be2 Be7 10. O-O O-O 11. Qd1 Qd8 12. Nh4 Bg6 13. Nxg6 fxg6 14. h3 Nfd7
15. c5 Nc8 16. Nf3 Qe8 17. b4 a6 18. Qc2 Bf6 19. Qb2 Qd8 20. a4 Qe7 21. Rc2 Rf7
22. Ra1 Qd8 23. Ra3 Be7 24. Qa1 Rf8 25. Ne1 Na7 26. Rca2 Nc8 27. Qc3 Nf6 28.
Bd3 Nd7 29. b5 axb5 30. axb5 Rxa3 31. Rxa3 Bf6 32. Ra8 Qe7 33. Nf3 Re8 34. Be5
Bxe5 35. Nxe5 Nxe5 36. dxe5 cxb5 37. Bxb5 Rf8 38. f4 Qc7 39. Qd4 Ne7 40. Ra1
Nf5 41. Qc3 Ne7 42. Ra7 Nc8 43. Ra8 Ne7 44. Qa3 Kf7 45. Rxf8+ Kxf8 46. Qa8+ Nc8
47. c6 bxc6 48. Ba6 Qa5 49. Qxc8+ Ke7 50. Qb7+ Kf8 51. Qc8+ Ke7 52. Qb7+ Kf8
53. Kf2 Qd2+ 54. Be2 Qc2 55. Qd7 Qf5 56. Qxc6 h5 57. Qd7 Kg8 58. g4 hxg4 59.
hxg4 Qf7 60. Qxf7+ 1-0

[Event "5eme Open International de La Fere"]
[Site "La Fere (FRA)"]
[Date "2006.07.10"]
[Round "3.37"]
[White "Wallart, Francois"]
[Black "Soriano, Jean-Claude"]
[Result "1-0"]
[WhiteElo "1848"]
[BlackElo "1620"]
[PlyCount "75"]
[EventDate "2006.07.08"]

1. e4 c6 2. d4 d5 3. e5 Bf5 4. Bd3 Bxd3 5. Qxd3 e6 6. f4 c5 7. c3 Nc6 8. Ne2
Qb6 9. Nd2 Nge7 10. dxc5 Qxc5 11. Nb3 Qb6 12. Be3 Qc7 13. g4 h5 14. gxh5 Rxh5
15. Ng3 Rh3 16. Qf1 Rh6 17. O-O-O Rh8 18. Kb1 g6 19. Bd4 O-O-O 20. h4 Kb8 21.
h5 Bg7 22. Bc5 Ka8 23. hxg6 Nxg6 24. Rxh8 Bxh8 25. Bd6 Rxd6 26. exd6 Qxd6 27.
Ne2 Qe7 28. Ned4 Nxd4 29. Nxd4 Qf6 30. Qb5 Qe7 31. Qf1 a6 32. f5 Nh4 33. fxe6
fxe6 34. Ka1 Ng6 35. Qg2 Qe8 36. Rg1 Bxd4 37. Qxg6 Qxg6 38. Rxg6 1-0